000 00733nam a2200289Ia 4500
005 20260324124030.0
008 008 260324s9999 xx 000 0 eng d
020 _a9780203807163
037 _aEBOOK
040 _aCRL
040 _beng
040 _cCRL
041 _2eng
041 _aeng
084 _qCRL
100 _aAlan Tomlinson; Christopher Young; Richard Holt
_91172588
245 0 _aSport and the Transformation of Modern Europe
245 0 _bStates, media and markets 1950-2010
260 _bTaylor and Francis
260 _c2011
365 _a
365 _b160
856 _uhttp://www.taylorfrancis.com/books/9780203807163
942 _cEBOOK
999 _c1766620
_d1766620